Normal view MARC view
  • Nile River

Entry Geographic Name

Number of records used in: 1

001 - CONTROL NUMBER

  • control field: 33685

003 - CONTROL NUMBER IDENTIFIER

  • control field: OSt

005 - DATE AND TIME OF LATEST TRANSACTION

  • control field: 20130919144848.0

008 - FIXED-LENGTH DATA ELEMENTS

  • fixed length control field: 130919|| aca||aabn | a|a d

040 ## - CATALOGING SOURCE

  • Original cataloging agency: OSt
  • Transcribing agency: OSt

151 ## - HEADING--GEOGRAPHIC NAME

  • Geographic name: Nile River

670 ## - SOURCE DATA FOUND

  • Source citation: Work cat.: (OSt)2678: Mahfouz, Naguib 1419, Adrift on the Nile /, c.1993.